Report on Agricultural census, 1980-81 and input survey, 1981-82 (Record no. 508478)

000 -LEADER
fixed length control field 00411nam a22000977a 4500
082 ## - DEWEY DECIMAL CLASSIFICATION NUMBER
Classification number Zx5465 An23/1980-81
100 ## - MAIN ENTRY--PERSONAL NAME
Personal name Andaman and Nicobar. Agricultural Census Cell. Statistical Bureau
9 (RLIN) 3824
245 ## - TITLE STATEMENT
Title Report on Agricultural census, 1980-81 and input survey, 1981-82
Statement of responsibility, etc by Statistical Bureau Agricultural Census Cell.
260 ## - PUBLICATION, DISTRIBUTION, ETC. (IMPRINT)
Place of publication, distribution, etc Andaman and Nicobar
Name of publisher, distributor, etc Government of Andaman and Nicobar
Date of publication, distribution, etc 1982
300 ## - PHYSICAL DESCRIPTION
Extent 422p.
Holdings
Withdrawn status Lost status Source of classification or shelving scheme Damaged status Koha normalized classification for sorting Not for loan Permanent location Current location Date acquired Full call number Barcode Date last seen Price effective from Koha item type
        ZX_5465_000000000000000_AN23_198081   Indian Institute of Public Administration Indian Institute of Public Administration 2019-03-27 Zx5465 An23/1980-81 GG33811 2019-03-27 2019-03-27 GG

Powered by Koha